[Event "Medium KO 1600-2000"]
[Site "SchemingMind.com"]
[Date "2007.02.12"]
[Round "-"]
[White "rougon"]
[Black "lea_dc"]
[Result "1-0"]
[WhiteCountry "USA"]
[BlackCountry "ARG"]
[WhiteElo "1729"]
[WhiteRD "65"]
[BlackElo "1674"]
[BlackRD "88"]
[GameID "91513"]

1. e4 c5 2. Nf3 d6 3. d4 cxd4 4. Nxd4 Nf6 5. Nc3 Nc6 6. Be3 g6 7. Be2 Bg7 8. O-O O-O 9. Nb3 a6 10. a4 Qc7
11. f4 Rd8 12. a5 e5 13. Bb6 Qd7 14. Bxd8 Qxd8 15. fxe5 dxe5 16. Qxd8+ Nxd8 17. Rad1 Nc6 18. Nc5 Nd4 19. Bc4 Rb8 20. Nd5 Nxd5
21. Bxd5 Nxc2 22. Rxf7 Ne3 23. Rxb7+
1-0

[Event "Medium KO 1600-2000"]
[Site "SchemingMind.com"]
[Date "2007.02.12"]
[Round "-"]
[White "lea_dc"]
[Black "rougon"]
[Result "0-1"]
[WhiteCountry "ARG"]
[BlackCountry "USA"]
[WhiteElo "1674"]
[WhiteRD "88"]
[BlackElo "1729"]
[BlackRD "65"]
[GameID "91522"]

1. e4 c5 2. Nf3 e6 3. d4 cxd4 4. Nxd4 Nc6 5. Nc3 Qc7 6. Be3 a6 7. Be2 Bb4 8. Qd2 Nf6 9. f3 d5 10. a3 Bxc3
11. Qxc3 dxe4 12. O-O-O Bd7 13. Rd2 O-O 14. Bg5 Nd5 15. Qb3 Na5 16. Qa2 exf3 17. Bxf3 Nc4 18. Rf2 Qc5 19. b3 Qxd4 20. Bxd5 Qxf2
21. Bxc4 Qxg2 22. Rd1 Qxg5+ 23. Kb1 Bc6 24. Qb2 Rad8 25. Bd3 Qg4 26. Rf1 Be4 27. Bxe4 Qxe4 28. Rg1 Qd4
0-1

[Event "Medium KO 1600-2000"]
[Site "SchemingMind.com"]
[Date "2007.02.14"]
[Round "-"]
[White "ramanujan"]
[Black "brumi"]
[Result "1-0"]
[WhiteCountry "IND"]
[BlackCountry "HUN"]
[WhiteElo "1906"]
[WhiteRD "89"]
[BlackElo "1857"]
[BlackRD "86"]
[GameID "92184"]

1. d4 Nf6 2. c4 e6 3. Nc3 Bb4 4. f3 d5 5. e3 Nc6 6. Bd3 Bd7 7. Ne2 O-O 8. O-O Re8 9. e4 dxe4 10. fxe4 e5
11. Bg5 Be7 12. Bxf6 Bxf6 13. d5
1-0

[Event "Medium KO 1600-2000"]
[Site "SchemingMind.com"]
[Date "2007.02.19"]
[Round "-"]
[White "maaac"]
[Black "knightpins93"]
[Result "1-0"]
[WhiteCountry "AUS"]
[BlackCountry "CHN"]
[WhiteElo "1865"]
[WhiteRD "75"]
[BlackElo "1581"]
[BlackRD "123"]
[GameID "92185"]

1. d4 Nf6 2. c4 g6 3. Nc3 Bg7 4. e4 d6 5. f4 O-O 6. Nf3 c5 7. d5 Na6 8. Be2 e6 9. O-O exd5 10. cxd5 Nc7
11. h3 Nh5 12. Kh2 f5 13. e5 dxe5 14. fxe5
1-0

[Event "Medium KO 1600-2000"]
[Site "SchemingMind.com"]
[Date "2007.02.14"]
[Round "-"]
[White "chessleon"]
[Black "ekulrac"]
[Result "1-0"]
[WhiteCountry "NED"]
[BlackCountry "SCO"]
[WhiteElo "1660"]
[WhiteRD "93"]
[BlackElo "1711"]
[BlackRD "50"]
[GameID "92186"]

1. c4 Nf6 2. Nf3 d5 3. d4 e6 4. g3 Be7 5. Bg2 O-O 6. cxd5 exd5 7. O-O h6 8. Nc3 c6 9. Qc2 Kh8 10. Ne5 Nbd7
11. e4 dxe4 12. Nxe4 Nb6 13. Nxf6 Bxf6 14. Bf4 Be6 15. Be4 Nd5 16. Bd2 Qb6 17. b3 Qxd4 18. Nf3 Qxa1 19. Rxa1 Bxa1 20. Qc1 Bf6
21. Bxh6 Rad8 22. Bg5 Bh3 23. Bxd5 Rxd5 24. Bxf6 Kh7 25. Ng5+ Kg6 26. Nxh3 Kxf6 27. Qf4+ Ke6 28. Ng5+ Kd7 29. h4 f6 30. Ne4 Ke7
31. Qe3 b6 32. f4 Kf7 33. Nc3 Rd7 34. Qe2 Re8 35. Qc4+ Kg6 36. Qxc6 Red8 37. Qe4+ Kf7 38. f5 Rd3 39. Qe6+ Kf8 40. Qc4 Rxg3+
41. Kf2 Rgd3 42. Ne4 R3d4 43. Qc6 Kg8 44. Qe6+ Kf8 45. Nxf6 gxf6 46. Qxf6+ Kg8 47. Qg5+ Kh8 48. Ke3 Rd1 49. Ke2 R1d5 50. h5 Re8+
51. Kf3 Rd3+ 52. Kf2 Rd6 53. f6 Rd7 54. Qh6+ Kg8 55. Qg6+ Kf8 56. h6
1-0

[Event "Medium KO 1600-2000"]
[Site "SchemingMind.com"]
[Date "2007.02.14"]
[Round "-"]
[White "brumi"]
[Black "ramanujan"]
[Result "0-1"]
[WhiteCountry "HUN"]
[BlackCountry "IND"]
[WhiteElo "1857"]
[WhiteRD "86"]
[BlackElo "1906"]
[BlackRD "89"]
[GameID "92192"]

1. e4 c5 2. Nc3 Nc6 3. f4 g6 4. Nf3 Bg7 5. Bb5 Nd4 6. O-O a6 7. Bc4 b5 8. Bd5 Rb8 9. d3 e6 10. Bb3 Ne7
11. Be3 Nxb3 12. axb3 Qc7 13. d4 d6
0-1

[Event "Medium KO 1600-2000"]
[Site "SchemingMind.com"]
[Date "2007.02.18"]
[Round "-"]
[White "knightpins93"]
[Black "maaac"]
[Result "0-1"]
[WhiteCountry "CHN"]
[BlackCountry "AUS"]
[WhiteElo "1581"]
[WhiteRD "123"]
[BlackElo "1865"]
[BlackRD "75"]
[GameID "92193"]

1. e4 c5 2. b3 Nc6 3. Bb2 e5 4. Bc4 Nf6 5. Nc3 Be7 6. d3 O-O 7. Nge2 d6 8. O-O a6 9. a4 Rb8 10. f4 Nd4
11. fxe5 dxe5 12. Nd5 b5 13. Nxf6+ Bxf6 14. axb5 axb5 15. Bd5 Be6
0-1

[Event "Medium KO 1600-2000"]
[Site "SchemingMind.com"]
[Date "2007.02.14"]
[Round "-"]
[White "ekulrac"]
[Black "chessleon"]
[Result "1-0"]
[WhiteCountry "SCO"]
[BlackCountry "NED"]
[WhiteElo "1712"]
[WhiteRD "49"]
[BlackElo "1633"]
[BlackRD "96"]
[GameID "92194"]

1. e4 c5 2. Nf3 e6 3. d4 cxd4 4. Nxd4 a6 5. Nc3 Qc7 6. Be3 Nf6 7. Bd3 Nc6 8. O-O Be7 9. Qe2 h5 10. f3 d5
11. a3 dxe4 12. Nxe4 Nd5 13. c3 Nxe3 14. Qxe3 Bd7 15. Kh1 Ne5 16. Bc2 Nc4 17. Qc1 O-O-O 18. b3 Ne5 19. Qe3 Ng6 20. b4 Bc6
21. a4 Bd5 22. a5 Bxb4 23. cxb4 Kb8 24. Rfc1 Rc8 25. Nc5 Ne7 26. Ndb3 Nf5 27. Bxf5 exf5 28. Nxa6+ bxa6 29. Rxc7 Rxc7 30. Qb6+ Bb7
31. Qd6 Rc8 32. Rc1
1-0

[Event "Medium KO 1600-2000"]
[Site "SchemingMind.com"]
[Date "2007.02.16"]
[Round "-"]
[White "Vaidotas"]
[Black "bdenley"]
[Result "1/2-1/2"]
[WhiteCountry "LTU"]
[BlackCountry "USA"]
[WhiteElo "1846"]
[WhiteRD "84"]
[BlackElo "1689"]
[BlackRD "68"]
[GameID "92445"]

1. e4 c5 2. Nc3 Nc6 3. Bb5 d6 4. Bxc6+ bxc6 5. Nf3 Ba6 6. d3 Nf6 7. e5 dxe5 8. Nxe5 Qc7 9. Nf3 e6 10. Qe2 Bd6
11. Bg5 Nd5 12. Ne4 Bf4 13. Nxc5 Bxg5 14. Nxg5 Qa5+ 15. c3 Nxc3 16. Qd2 Qxc5 17. bxc3 Qe5+ 18. Ne4 Rd8 19. f4 Qf5 20. Nf2 O-O
21. O-O Rd5 22. Rfd1 Rfd8 23. d4 c5 24. Qe3 Bc4 25. a3 Bb3 26. Rd2 a5 27. g4 Qg6 28. h3 Rb8 29. Re1 h5 30. Qe4 Qf6
31. g5 Rxg5+ 32. fxg5 Qxg5+ 33. Kh2 Qxd2 34. Re2 Qxc3 35. Qe5 Qf3 36. Qxb8+ Kh7 37. Qe5 Bd5 38. Ng4 hxg4 39. Qh5+ Kg8 40. Qxg4 Qxa3
41. Rf2 Qe3 42. Qf4 Qxd4 43. Qxf7+ Kh7 44. Qh5+=
1/2-1/2

[Event "Medium KO 1600-2000"]
[Site "SchemingMind.com"]
[Date "2007.02.16"]
[Round "-"]
[White "bdenley"]
[Black "Vaidotas"]
[Result "0-1"]
[WhiteCountry "USA"]
[BlackCountry "LTU"]
[WhiteElo "1689"]
[WhiteRD "68"]
[BlackElo "1846"]
[BlackRD "84"]
[GameID "92454"]

1. e4 e5 2. Nf3 Nc6 3. Bc4 Nf6 4. Nc3 Be7 5. d3 O-O 6. O-O d6 7. h3 Na5 8. Bb3 Nxb3 9. axb3 c6 10. Be3 Re8
11. Nd2 d5 12. exd5 cxd5 13. Bg5 h6 14. Bh4 Be6 15. f4 Qc7 16. fxe5 Nd7 17. Bxe7 Rxe7 18. d4 a6 19. Nf3 Rc8 20. Qd2 Nf8
21. Nh4 Qc6 22. Nf5 Bxf5 23. Rxf5 b5 24. b4 Qc4 25. Rd1 Re6 26. Rdf1 Rc7 27. Qf4 Ree7 28. e6 Nxe6 29. Qg4 Qxd4+ 30. Qxd4 Nxd4
31. Rxd5 Ne2+ 32. Kh2 Nxc3 33. bxc3 Rxc3 34. Rc5 Rc7 35. Rxc7 Rxc7 36. Rc1 Rc3 37. Kg1 f5 38. Kf2 Kf7 39. Ke2 f4 40. Kf2 g5
41. Ke2 Kg6 42. Kd2 Rg3 43. Rg1 f3 44. Ke1 Rxg2 45. Rxg2 fxg2 46. Kf2 Kf5 47. Kxg2 Kf4 48. Kf2 h5 49. c3 g4
0-1

[Event "Medium KO 1600-2000"]
[Site "SchemingMind.com"]
[Date "2007.02.17"]
[Round "-"]
[White "marble"]
[Black "mrbiggs"]
[Result "0-1"]
[WhiteCountry "ENG"]
[BlackCountry "USA"]
[WhiteElo "1601"]
[WhiteRD "61"]
[BlackElo "1604"]
[BlackRD "98"]
[GameID "92629"]

1. e4 e6 2. d4 d6 3. Nf3 Nd7 4. Nc3 Ne7 5. Bc4 g6 6. O-O Bg7 7. Re1 O-O 8. Ne2 d5 9. exd5 exd5 10. Bb3 c6
11. h3 Nf5 12. c3 Nh4 13. Bg5 Bf6 14. Bxh4 Bxh4 15. Nxh4 Qxh4 16. Qd2 Nf6 17. Nf4 Ne4 18. Qe2 Qxf4 19. Bc2 Ng5 20. Qe7 Rb8
21. Re5 h6 22. Rae1 Be6 23. R1e3 f6 24. Bxg6 fxe5 25. Rg3 Bf7 26. Bd3 Rfe8 27. Qd6 Qc1+ 28. Kh2 Be6 29. Qc7 e4 30. Be2 Qxb2
31. Bh5 Qb6 32. Qe5 Bf7 33. Bg4 Rxe5
0-1

[Event "Medium KO 1600-2000"]
[Site "SchemingMind.com"]
[Date "2007.02.17"]
[Round "-"]
[White "mrbiggs"]
[Black "marble"]
[Result "1-0"]
[WhiteCountry "USA"]
[BlackCountry "ENG"]
[WhiteElo "1604"]
[WhiteRD "98"]
[BlackElo "1601"]
[BlackRD "61"]
[GameID "92638"]

1. e4 e5 2. Nf3 Nc6 3. Bb5 a6 4. Ba4 Nf6 5. O-O Nxe4 6. Re1 d5 7. d3 Nc5 8. Bxc6+ bxc6 9. Nxe5 Be7 10. Nxc6 Ne6
11. Nxd8
1-0

[Event "Medium KO 1600-2000"]
[Site "SchemingMind.com"]
[Date "2007.03.18"]
[Round "-"]
[White "mrbiggs"]
[Black "Vaidotas"]
[Result "0-1"]
[WhiteCountry "USA"]
[BlackCountry "LTU"]
[WhiteElo "1597"]
[WhiteRD "88"]
[BlackElo "1943"]
[BlackRD "92"]
[GameID "96945"]

1. e4 e5 2. Nf3 Nc6 3. Bc4 Nf6 4. d4 exd4 5. e5 d5 6. Bb5 Ne4 7. Nxd4 Bd7 8. Bxc6 bxc6 9. O-O Be7 10. f3 Nc5
11. Nc3 Ne6 12. Be3 c5 13. Nxe6 fxe6 14. Bd2 O-O 15. b3 Qe8 16. Ne2 Bb5 17. Re1 d4 18. Ng3 Bh4 19. c4 Bc6 20. Rf1 Qg6
21. Be1 Bg5 22. Bd2 Bf4 23. Bxf4 Rxf4 24. Qd2 Qh6 25. Nh5 Rf5 26. Qxh6 gxh6 27. Nf6+ Kg7 28. Rfe1 Rxf6 29. exf6+ Kxf6 30. Re2 Rg8
31. Kf2 e5 32. Rd1 a5 33. a4 Rb8 34. Rb2 Bxa4 35. Ra1 Rxb3 36. Rxb3 Bxb3 37. Rxa5 Ke6 38. Rxc5 Kd6 39. Rd5+ Ke6 40. Rc5 Kd6
41. Rd5+ Ke6 42. Rd8 Bxc4 43. Rh8 Bd3 44. Ke1 c5 45. Kd2 c4 46. Re8+ Kd6 47. Rd8+ Ke7 48. Rd5 Ke6 49. Rc5 Kd6 50. Rc8 Bf1
51. g3 c3+ 52. Kd1 Kd5 53. Rd8+ Kc4 54. Re8 Bg2 55. Rxe5 Bxf3+ 56. Kc1 d3
0-1

[Event "Medium KO 1600-2000"]
[Site "SchemingMind.com"]
[Date "2007.03.19"]
[Round "-"]
[White "Vaidotas"]
[Black "mrbiggs"]
[Result "1-0"]
[WhiteCountry "LTU"]
[BlackCountry "USA"]
[WhiteElo "1900"]
[WhiteRD "95"]
[BlackElo "1561"]
[BlackRD "95"]
[GameID "96950"]

1. e4 e5 2. Nf3 Nf6 3. Nxe5 d6 4. Nf3 Nxe4 5. Nc3 Nxc3 6. dxc3 Be7 7. Bc4 O-O 8. O-O Nc6 9. Re1 Bg4 10. h3 Bxf3
11. Qxf3 Ne5 12. Qe2 Nxc4 13. Qxe7 Qxe7 14. Rxe7 Rac8 15. b3 Ne5 16. f4 Ng6 17. Re1 Rfe8 18. Bd2 Re6 19. Rxe6 fxe6 20. Re1 e5
21. f5 Ne7 22. g4 Rf8 23. c4 c5 24. Bg5 Rf7 25. Bxe7 Rxe7 26. Rd1 Rd7 27. Kf2 Kf7 28. Ke3 Kf6 29. Ke4 g6 30. Rf1 g5
31. Rh1 h6 32. h4 h5 33. hxg5+ Kxg5 34. Rxh5+ Kxg4 35. Rh6 Rf7 36. Rxd6 Rxf5 37. Rg6+ Rg5 38. Rxg5+ Kxg5 39. Kxe5 b6 40. Kd5 Kf4
41. c3 Ke3 42. b4 cxb4 43. cxb4 Kd3 44. c5
1-0

[Event "Medium KO 1600-2000"]
[Site "SchemingMind.com"]
[Date "2007.03.29"]
[Round "-"]
[White "chessleon"]
[Black "spoke"]
[Result "1/2-1/2"]
[WhiteCountry "NED"]
[BlackCountry "GER"]
[WhiteElo "1648"]
[WhiteRD "89"]
[BlackElo "1742"]
[BlackRD "57"]
[GameID "98866"]

1. c4 c5 2. Nf3 Nc6 3. d4 cxd4 4. Nxd4 Nf6 5. Nc3 g6 6. e4 Bg7 7. Be3 d6 8. f3 Bd7 9. Be2 Nxd4 10. Bxd4 e5
11. Be3 Bc6 12. O-O O-O 13. Nd5 Bxd5 14. cxd5 a6 15. a4 Rc8 16. a5 Nd7 17. Qd2 f5 18. Bh6 fxe4 19. fxe4 Rxf1+ 20. Rxf1 Bxh6
21. Qxh6 Rc2 22. Bg4 Nf6 23. Be6+ Kh8 24. Qg5 Kg7 25. h4 h6 26. Qg3 Qe7 27. Bf5 Qf7 28. Be6=
1/2-1/2

[Event "Medium KO 1600-2000"]
[Site "SchemingMind.com"]
[Date "2007.03.29"]
[Round "-"]
[White "spoke"]
[Black "chessleon"]
[Result "1-0"]
[WhiteCountry "GER"]
[BlackCountry "NED"]
[WhiteElo "1742"]
[WhiteRD "57"]
[BlackElo "1648"]
[BlackRD "89"]
[GameID "98872"]

1. e4 c5 2. Nf3 d6 3. d4 cxd4 4. Nxd4 Nf6 5. Nc3 a6 6. f4 Qc7 7. Nf3 Nc6 8. Nd5 Nxd5 9. exd5 Nb4 10. c3 Qa5
11. cxb4 Qxb4+ 12. Qd2 Qe4+ 13. Be2 e6 14. O-O Be7 15. Re1 Qa4 16. b3 Qd7 17. dxe6 fxe6 18. Bb2 O-O 19. Bc4 d5 20. Ne5 Qc7
21. Bxd5 exd5 22. Qxd5+ Kh8 23. Nf7+ Kg8 24. Nh6+
1-0

[Event "Medium KO 1600-2000"]
[Site "SchemingMind.com"]
[Date "2007.04.12"]
[Round "-"]
[White "maaac"]
[Black "lacus66"]
[Result "1-0"]
[WhiteCountry "AUS"]
[BlackCountry "HUN"]
[WhiteElo "1865"]
[WhiteRD "75"]
[BlackElo "1700"]
[BlackRD "67"]
[GameID "100777"]

1. d4 e6 2. c4 Nf6 3. g3 c5 4. Nf3 cxd4 5. Nxd4 Bc5 6. Nb3 d5 7. Nxc5 Qa5+ 8. Nc3 Qxc5 9. cxd5 Nxd5 10. Nxd5 Qxd5
11. Qxd5 exd5 12. Bg2 Be6 13. O-O Nc6 14. Rd1 O-O-O 15. Bf4 f5 16. Rac1 h6 17. b4 b5 18. Rxc6+
1-0

[Event "Medium KO 1600-2000"]
[Site "SchemingMind.com"]
[Date "2007.04.12"]
[Round "-"]
[White "lacus66"]
[Black "maaac"]
[Result "1-0"]
[WhiteCountry "HUN"]
[BlackCountry "AUS"]
[WhiteElo "1700"]
[WhiteRD "67"]
[BlackElo "1865"]
[BlackRD "75"]
[GameID "100783"]

1. d4 Nf6 2. c4 e6 3. Nc3 Bb4 4. e3 b6 5. Ne2 Bb7 6. Bd2 O-O 7. a3 Be7 8. Nf4 d5 9. cxd5 Nxd5 10. Ncxd5 exd5
11. Be2 c5 12. dxc5 bxc5 13. Bf3 Na6 14. O-O Bf6 15. Rb1 Qd7 16. b4 cxb4 17. Bxb4 Nxb4 18. axb4 Rfd8 19. Qd2 d4 20. Bxb7 Qxb7
21. Rfe1 h6 22. Nh5 Bg5 23. f4 dxe3 24. Qc3 Bf6 25. Nxf6+ gxf6 26. Rxe3 Qb6 27. Kh1 Rac8 28. Qe1 Kh7 29. Qe2 Rd4 30. Qh5 Qc7
31. Rbe1 Rxf4 32. Rh3
1-0

[Event "Medium KO 1600-2000"]
[Site "SchemingMind.com"]
[Date "2007.04.16"]
[Round "-"]
[White "ramanujan"]
[Black "rougon"]
[Result "1-0"]
[WhiteCountry "IND"]
[BlackCountry "USA"]
[WhiteElo "1945"]
[WhiteRD "83"]
[BlackElo "1740"]
[BlackRD "67"]
[GameID "101286"]

1. d4 d5 2. c4 e6 3. Nc3 c5 4. cxd5 exd5 5. Nf3 Nc6 6. g3 Nf6 7. Bg2 Be6 8. O-O Be7 9. dxc5 Bxc5 10. Bg5 Be7
11. Nd4 O-O 12. Rc1 Qd7 13. Ncb5 a6 14. Nxc6 bxc6 15. Nd4 Rac8 16. a3 h6 17. Bf4 c5 18. Nf3 Rfd8 19. Ne5 Qb7 20. Qd2 Bd6
21. Nd3 Ne4 22. Qa5 c4 23. Bxe4 dxe4 24. Ne5 Qxb2 25. Rxc4 Bxc4 26. Nxc4 Qd4 27. Nxd6 Rxd6 28. Bxd6 Qxd6 29. Qa4 Rc4 30. Qxc4
1-0

[Event "Medium KO 1600-2000"]
[Site "SchemingMind.com"]
[Date "2007.04.16"]
[Round "-"]
[White "rougon"]
[Black "ramanujan"]
[Result "1-0"]
[WhiteCountry "USA"]
[BlackCountry "IND"]
[WhiteElo "1740"]
[WhiteRD "67"]
[BlackElo "1945"]
[BlackRD "83"]
[GameID "101288"]

1. d4 Nf6 2. c4 g6 3. Nc3 Bg7 4. e4 d6 5. Nf3 O-O 6. Be2 e5 7. O-O Nc6 8. d5 Ne7 9. b4 a5 10. Ba3 b6
11. Re1 Nh5 12. bxa5 f5 13. Ng5 Nf4 14. Bf3 Bf6 15. Ne6 Nxe6 16. dxe6 Bxe6 17. exf5 gxf5 18. Bxa8 Qxa8 19. Qb3 Qxa5 20. Rad1 Nc6
21. Nd5 Bd8 22. Bb4 Qa8 23. Bc3 Na5 24. Qa4 c6 25. Nb4 Bc7 26. f4 e4 27. Re3 Kf7 28. Rh3 Ke7 29. Rxh7+ Rf7 30. Rh8 Rf8
31. Rh6 Bxc4 32. Nc2 b5 33. Qa3 Bd3 34. Ne1 Bb6+ 35. Kh1 c5 36. Nxd3 exd3 37. Bxa5 Qxa5 38. Qxd3 Bc7 39. Qd5 Qa6 40. Rh7+ Kd8
41. Qe6
1-0

[Event "Medium KO 1600-2000"]
[Site "SchemingMind.com"]
[Date "2007.06.01"]
[Round "-"]
[White "ramanujan"]
[Black "lacus66"]
[Result "0-1"]
[WhiteCountry "IND"]
[BlackCountry "HUN"]
[WhiteElo "1938"]
[WhiteRD "84"]
[BlackElo "1778"]
[BlackRD "74"]
[GameID "107432"]

1. d4 Nf6 2. c4 g6 3. Nc3 d5 4. cxd5 Nxd5 5. e4 Nxc3 6. bxc3 Bg7 7. Ba3 Nc6 8. Bc4 O-O 9. Ne2 Re8 10. O-O a6
11. f4 b5 12. Bd5 Bb7 13. f5 e6 14. fxe6 fxe6 15. Bb3 Na5 16. Ng3 Qd7 17. Qg4 Nxb3 18. axb3 a5 19. b4 axb4 20. Bxb4 Bxd4+
21. Kh1 Rxa1 22. Rxa1 c5 23. cxd4 cxb4 24. h4 Qxd4 25. Rd1 Qe5 26. h5 g5 27. h6 Qf4 28. Qh5 Rf8 29. Qh3 Qe5 30. Rd7 Bxe4
31. Qg4 Rf4 32. Rg7+ Kf8 33. Rxg5 Qa1+
0-1

[Event "Medium KO 1600-2000"]
[Site "SchemingMind.com"]
[Date "2007.06.01"]
[Round "-"]
[White "lacus66"]
[Black "ramanujan"]
[Result "1/2-1/2"]
[WhiteCountry "HUN"]
[BlackCountry "IND"]
[WhiteElo "1808"]
[WhiteRD "73"]
[BlackElo "1938"]
[BlackRD "84"]
[GameID "107433"]

1. d4 Nf6 2. c4 g6 3. Nc3 Bg7 4. e4 d6 5. Nf3 O-O 6. Be2 e5 7. O-O Nc6 8. d5 Ne7 9. Bg5 Ne8 10. b4 h6
11. Be3 f5 12. h3 Nf6 13. Bd3 f4 14. Bd2 g5 15. c5 g4 16. Ne1 gxh3 17. Rc1 Qe8 18. Nb5 hxg2 19. Nxg2 Qg6 20. f3 Ne8
21. Rf2 Bf6 22. Be1 Bh3 23. Nxc7=
1/2-1/2

[Event "Medium KO 1600-2000"]
[Site "SchemingMind.com"]
[Date "2007.07.02"]
[Round "-"]
[White "Vaidotas"]
[Black "spoke"]
[Result "1-0"]
[WhiteCountry "LTU"]
[BlackCountry "GER"]
[WhiteElo "1943"]
[WhiteRD "92"]
[BlackElo "1726"]
[BlackRD "63"]
[GameID "111290"]

1. e4 e5 2. Nf3 Nc6 3. Bc4 Nf6 4. d3 Bc5 5. O-O d6 6. c3 Bg4 7. h3 Bh5 8. Be3 O-O 9. Nbd2 Bxe3 10. fxe3 Na5
11. g4 Bg6 12. Qe2 Nxc4 13. Nxc4 b5 14. Na3 Rb8 15. Nc2 c5 16. a4 b4 17. c4 a5 18. Nce1 h6 19. Ng2 Qd7 20. Nfh4 Nh7
21. Nxg6 fxg6 22. Nh4 Ng5 23. Kg2 Kh7 24. b3 Qe7 25. Rxf8 Rxf8 26. Rf1 Rxf1 27. Qxf1 Nxe4 28. Nxg6 Qf6 29. Qxf6 Nxf6= 30. Ne7 e4
31. d4 cxd4 32. exd4
1-0

[Event "Medium KO 1600-2000"]
[Site "SchemingMind.com"]
[Date "2007.07.02"]
[Round "-"]
[White "spoke"]
[Black "Vaidotas"]
[Result "1/2-1/2"]
[WhiteCountry "GER"]
[BlackCountry "LTU"]
[WhiteElo "1711"]
[WhiteRD "63"]
[BlackElo "1960"]
[BlackRD "91"]
[GameID "111298"]

1. e4 e5 2. Nf3 Nc6 3. Bc4 Nf6 4. Ng5 d5 5. exd5 Nd4 6. c3 Nf5 7. d4 exd4 8. cxd4 Bd6 9. Nc3 Qe7+ 10. Qe2 Nxd4
11. Qxe7+ Bxe7 12. O-O O-O 13. Bf4 Nh5 14. Be5 Bxg5 15. Bxd4 Bf6 16. Bxf6 Nxf6 17. Rfe1 Re8 18. Rxe8+ Nxe8 19. Re1 Kf8 20. f4 Nd6
21. Bb3 Bf5 22. h3 h5 23. Bd1 g6 24. g4 hxg4 25. hxg4 Bd7 26. Kf2 Re8 27. Rxe8+ Kxe8 28. Kf3 Ke7 29. b3 b6 30. Bc2 Ne8
31. g5 Kd6 32. b4 a5 33. bxa5 bxa5 34. Ne4+ Kxd5 35. Bb3+ Kd4 36. Bxf7 Bc6 37. Bxe8 Bxe4+ 38. Ke2 c5 39. Bf7 Bf5 40. Kd2 Ke4
41. Kc3 Kxf4 42. Kc4 Kxg5 43. Kxc5 Bd7 44. a4 Kf6 45. Bxg6 Kxg6=
1/2-1/2

[Event "Medium KO 1600-2000"]
[Site "SchemingMind.com"]
[Date "2007.08.14"]
[Round "-"]
[White "lacus66"]
[Black "Vaidotas"]
[Result "0-1"]
[WhiteCountry "HUN"]
[BlackCountry "LTU"]
[WhiteElo "1724"]
[WhiteRD "72"]
[BlackElo "1990"]
[BlackRD "85"]
[GameID "116422"]

1. d4 g6 2. c4 Bg7 3. e4 d6 4. Nf3 Nc6 5. Nc3 e5 6. d5 Nce7 7. Bd3 f5 8. O-O Nf6 9. Bg5 O-O 10. h3 f4
11. Bxf6 Bxf6 12. b4 a5 13. b5 b6 14. Na4 g5 15. Nc3 h5 16. Ne2 g4 17. hxg4 hxg4 18. Nd2 Kf7 19. Nc3 Rh8 20. Re1 Qf8
21. Kf1 Rh2 22. g3 f3 23. Nxf3 gxf3 24. Qxf3 Qg7 25. Red1 Bg4
0-1

[Event "Medium KO 1600-2000"]
[Site "SchemingMind.com"]
[Date "2007.08.14"]
[Round "-"]
[White "Vaidotas"]
[Black "lacus66"]
[Result "1-0"]
[WhiteCountry "LTU"]
[BlackCountry "HUN"]
[WhiteElo "1990"]
[WhiteRD "85"]
[BlackElo "1724"]
[BlackRD "72"]
[GameID "116433"]

1. e4 e6 2. d4 d5 3. Nd2 Nf6 4. e5 Nfd7 5. Bd3 c5 6. c3 c4 7. Bb1 Be7 8. Ne2 O-O 9. Qc2 g6 10. Nf3 Nc6
11. h4 f6 12. h5 fxe5 13. hxg6 e4 14. gxh7+ Kh8 15. Nf4 Qe8 16. Nxe6 exf3 17. Nxf8 fxg2 18. Rg1 Bxf8+ 19. Qe2 Qxe2+ 20. Kxe2 Nf6
21. Rxg2 Nxh7 22. Rh2 Bg4+ 23. f3
1-0